MARC

Tag First Indicator Second Indicator Subfields
LEADER 00000cam a2200000Ii 4500
001 in00002195721
005 20190828123757.0
008 770920s1971 txu bs 000 0 eng
035 |a (OCoLC)ocm03281222 
040 |a AGL  |b eng  |e rda  |c AGL  |d AGL  |d OCLCG  |d OCLCQ  |d TXA 
035 |a (OCoLC)3281222 
043 |a n-us-tx 
070 0 |a HD9006.T5  |b No.71-5 
090 |a HD9235.T62  |b U51 1971 
049 |a TXAM 
100 1 |a Nichols, John P.  |q (John Powell),  |d 1941-  |e author. 
245 1 0 |a Fresh market acceptance of two types of machine harvestable tomatoes /  |c John P. Nichols, Chan C. Connolly and Robert L. Degner. 
260 |a College Station, Tex. :  |b Texas Agricultural Market Research and Development Center,  |c 1971. 
300 |a iii, 21 leaves ;  |c 28 cm 
336 |a text  |b txt  |2 rdacontent 
337 |a unmediated  |b n  |2 rdamedia 
338 |a volume  |b nc  |2 rdacarrier 
490 1 |a Texas Agricultural Market Research and Development Center. Information report MRC ;  |v 71-5 
500 |a In cooperation with the Department of Agricultural Economics and Rural Sociology and Texas A & M University Agricultural Research and Extension Center at Weslaco. 
504 |a Includes bibliographical references. 
650 0 |a Tomato industry  |z Texas, South. 
650 0 |a Tomatoes  |z Texas, South  |x Marketing. 
650 0 |a Tomatoes  |x Varieties  |z Texas, South. 
650 0 |a Tomatoes  |x Harvesting  |x Machinery  |z Texas, South. 
700 1 |a Connolly, Chan,  |e author. 
700 1 |a Degner, Robert L.,  |e author. 
710 2 |a Texas Agricultural Market Research and Development Center,  |e issuing body. 
710 2 |a Texas A & M University.  |b Department of Agricultural Economics and Rural Sociology. 
710 2 |a Texas A & M University.  |b Agricultural Research and Extension Center at Weslaco. 
830 0 |a Information report (Texas Agricultural Market Research and Development Center) ;  |v MRC 71-5. 
948 |a updated  |b h  |c 2019/08/28  |e zdobbs  |f 12:37:48 pm 
948 |a cataloged  |b h  |c 2006/9/27  |d c  |e mjackson  |f 4:31:30 pm 
994 |a C0  |b TXA 
999 f f |s 3b79e1de-8c5d-328f-83f2-670c7a188278  |i 9f7a3eaf-90d9-33d7-8e4f-ef77d398f693  |t 0 
952 f f |p noncirc  |a Texas A&M University  |b College Station  |c Cushing Memorial Library & Archives  |d Cushing: Texas A&M Publications (Remote Storage: 2-3 day retrieval)  |t 0  |e HD9235.T62 U51 1971  |h Library of Congress classification  |i unmediated -- volume 
998 f f |a HD9235.T62 U51 1971  |t 0  |l Cushing: Texas A&M Publications (Remote Storage: 2-3 day retrieval)